LDR 00720naa#a2200169#i#450# 001 EN\FGKOU VO SPBU MVD ROSSII\bibl\106206 005 20260704022545.6 011 ## _a2227-7226 100 ## _a20260630b2026####ek#y0engy0150####ca 102 ## _aRU 200 1# _aCriminal procedural acts of the prosecutor: legal nature and role in the mechanism of legal regulation _eJournal article 210 1# _aSt. Petersburg _cSAINT-PETERSBURG UNIVERSITY OF THE MINISTRY OF INTERNAL AFFAIRS OF THE RUSSIAN FEDERATION _d2026 215 ## _a6 с. 608 ## _aJournal article _2local 675 ## _aПрокуратура и ее должностные лица. 343.163 _aОбвинение. 343.101 _z 700 #1 _aMilikova _gAnna Vladimirovna 856 4# _avestnikkf.ru _u